<?xml version="1.0" encoding="UTF-8"?>
<record
    xmlns:xsi="http://www.w3.org/2001/XMLSchema-instance"
    xsi:schemaLocation="http://www.loc.gov/MARC21/slim http://www.loc.gov/standards/marcxml/schema/MARC21slim.xsd"
    xmlns="http://www.loc.gov/MARC21/slim">

  <leader>01488nam a22003377a 4500</leader>
  <controlfield tag="005">20220316235148.0</controlfield>
  <controlfield tag="008">140531b2013    ck|a|||g|||| 00| 01sspad </controlfield>
  <datafield tag="020" ind1=" " ind2=" ">
    <subfield code="a">9789586890410</subfield>
  </datafield>
  <datafield tag="082" ind1="0" ind2="4">
    <subfield code="a">523</subfield>
    <subfield code="b">P73v</subfield>
  </datafield>
  <datafield tag="100" ind1="1" ind2=" ">
    <subfield code="a">Prinja, Raman</subfield>
  </datafield>
  <datafield tag="245" ind1="1" ind2="0">
    <subfield code="a">Viaje estelar </subfield>
    <subfield code="b">gu&#xED;a completa del espacio</subfield>
    <subfield code="c">Raman Prinja ; direcci&#xF3;n editorial Tom&#xE1;s Garc&#xED;a Cerezo ; traducci&#xF3;n Diana Patricia Santiago Villarreal</subfield>
  </datafield>
  <datafield tag="250" ind1=" " ind2=" ">
    <subfield code="a">Edici&#xF3;n especial para el Ministerio de Cultura</subfield>
  </datafield>
  <datafield tag="300" ind1=" " ind2=" ">
    <subfield code="a">120 p&#xE1;ginas </subfield>
    <subfield code="b">ilustraciones y fotograf&#xED;as en color</subfield>
    <subfield code="c">27 cm</subfield>
  </datafield>
  <datafield tag="490" ind1=" " ind2=" ">
    <subfield code="a">Leer es mi cuento </subfield>
  </datafield>
  <datafield tag="500" ind1=" " ind2=" ">
    <subfield code="a">Incluye glosario e &#xED;ndice alfab&#xE9;tico</subfield>
  </datafield>
  <datafield tag="521" ind1=" " ind2=" ">
    <subfield code="a">Recomendado para ni&#xF1;os a partir de 6 a 8 a&#xF1;os&#xA0;</subfield>
  </datafield>
  <datafield tag="534" ind1=" " ind2=" ">
    <subfield code="t">The universe rocks</subfield>
  </datafield>
  <datafield tag="650" ind1="1" ind2="4">
    <subfield code="2">LEMB</subfield>
    <subfield code="a">Ciencias del espacio</subfield>
    <subfield code="x">Libros ilustrados para ni&#xF1;os</subfield>
  </datafield>
  <datafield tag="650" ind1="1" ind2="4">
    <subfield code="2">LEMB</subfield>
    <subfield code="a">Via l&#xE1;ctea</subfield>
    <subfield code="x">Libros ilustrados para ni&#xF1;os</subfield>
  </datafield>
  <datafield tag="650" ind1="1" ind2="4">
    <subfield code="2">LEMB</subfield>
    <subfield code="a">Galaxias</subfield>
    <subfield code="x">Libros ilustrados para ni&#xF1;os</subfield>
  </datafield>
  <datafield tag="650" ind1="1" ind2="4">
    <subfield code="2">LEMB</subfield>
    <subfield code="a">Planetas</subfield>
    <subfield code="x">Libros ilustrados para ni&#xF1;os</subfield>
  </datafield>
  <datafield tag="700" ind1="1" ind2=" ">
    <subfield code="a">Garc&#xED;a Cerezo, Tom&#xE1;s</subfield>
    <subfield code="9">44090</subfield>
  </datafield>
  <datafield tag="700" ind1="1" ind2=" ">
    <subfield code="a">Santiago Villarreal, Diana Patricia</subfield>
    <subfield code="e">traductor</subfield>
    <subfield code="9">44091</subfield>
  </datafield>
  <datafield tag="830" ind1=" " ind2=" ">
    <subfield code="a">Colecci&#xF3;n para la Primera Infancia del Ministerio de Cultura, Plan Nacional de Lectura y Escritura Leer es mi cuento, Primera Infancia 2013</subfield>
  </datafield>
  <datafield tag="942" ind1=" " ind2=" ">
    <subfield code="2">ddc</subfield>
    <subfield code="c">BKINF</subfield>
  </datafield>
  <datafield tag="264" ind1=" " ind2=" ">
    <subfield code="a">Bogot&#xE1;</subfield>
    <subfield code="b">Larousse</subfield>
    <subfield code="c">2013</subfield>
  </datafield>
  <datafield tag="336" ind1=" " ind2=" ">
    <subfield code="a">texto</subfield>
    <subfield code="b">txt</subfield>
    <subfield code="2">rdacontent</subfield>
  </datafield>
  <datafield tag="337" ind1=" " ind2=" ">
    <subfield code="a">sin mediaci&#xF3;n</subfield>
    <subfield code="b">n</subfield>
    <subfield code="2">rdamedia</subfield>
  </datafield>
  <datafield tag="338" ind1=" " ind2=" ">
    <subfield code="a">volumen</subfield>
    <subfield code="b">nc</subfield>
    <subfield code="2">rdacarrier</subfield>
  </datafield>
  <datafield tag="040" ind1=" " ind2=" ">
    <subfield code="a">CO-BoRNBP</subfield>
    <subfield code="b">spa</subfield>
    <subfield code="e">rda</subfield>
    <subfield code="c">CO-BoRNBP</subfield>
  </datafield>
  <datafield tag="999" ind1=" " ind2=" ">
    <subfield code="c">89</subfield>
    <subfield code="d">89</subfield>
  </datafield>
  <datafield tag="952" ind1=" " ind2=" ">
    <subfield code="0">0</subfield>
    <subfield code="1">0</subfield>
    <subfield code="2">ddc</subfield>
    <subfield code="4">0</subfield>
    <subfield code="7">0</subfield>
    <subfield code="8">INF</subfield>
    <subfield code="a">MEGUAMAL</subfield>
    <subfield code="b">MEGUAMAL</subfield>
    <subfield code="c">SInf</subfield>
    <subfield code="d">2023-02-28</subfield>
    <subfield code="l">0</subfield>
    <subfield code="o">523  P73v</subfield>
    <subfield code="p">GUA001797</subfield>
    <subfield code="r">2023-02-28 00:00:00</subfield>
    <subfield code="t">Ej.1</subfield>
    <subfield code="w">2023-02-28</subfield>
    <subfield code="y">BKINF</subfield>
  </datafield>
  <datafield tag="952" ind1=" " ind2=" ">
    <subfield code="0">0</subfield>
    <subfield code="1">0</subfield>
    <subfield code="2">ddc</subfield>
    <subfield code="4">0</subfield>
    <subfield code="7">0</subfield>
    <subfield code="8">INF</subfield>
    <subfield code="a">MEDORADO</subfield>
    <subfield code="b">MEDORADO</subfield>
    <subfield code="c">SInf</subfield>
    <subfield code="d">2023-03-03</subfield>
    <subfield code="l">0</subfield>
    <subfield code="o">523 P73v</subfield>
    <subfield code="p">DOR02603</subfield>
    <subfield code="r">2023-03-03 00:00:00</subfield>
    <subfield code="t">Ej.1</subfield>
    <subfield code="w">2023-03-03</subfield>
    <subfield code="y">BKINF</subfield>
  </datafield>
  <datafield tag="952" ind1=" " ind2=" ">
    <subfield code="0">0</subfield>
    <subfield code="1">0</subfield>
    <subfield code="2">ddc</subfield>
    <subfield code="4">0</subfield>
    <subfield code="7">0</subfield>
    <subfield code="8">INF</subfield>
    <subfield code="a">MECUBARR</subfield>
    <subfield code="b">MECUBARR</subfield>
    <subfield code="c">SInf</subfield>
    <subfield code="d">2023-06-29</subfield>
    <subfield code="l">0</subfield>
    <subfield code="o">523 P 73v</subfield>
    <subfield code="p">CUB00029</subfield>
    <subfield code="r">2023-06-29 00:00:00</subfield>
    <subfield code="t">Ej.1</subfield>
    <subfield code="w">2023-06-29</subfield>
    <subfield code="y">BKINF</subfield>
  </datafield>
  <datafield tag="952" ind1=" " ind2=" ">
    <subfield code="0">0</subfield>
    <subfield code="1">0</subfield>
    <subfield code="2">ddc</subfield>
    <subfield code="4">0</subfield>
    <subfield code="7">0</subfield>
    <subfield code="8">INF</subfield>
    <subfield code="a">MESGUARO</subfield>
    <subfield code="b">MESGUARO</subfield>
    <subfield code="c">SInf</subfield>
    <subfield code="d">2023-07-04</subfield>
    <subfield code="o">523  P73v</subfield>
    <subfield code="p">SG00817</subfield>
    <subfield code="r">2023-07-04 00:00:00</subfield>
    <subfield code="t">Ej.1</subfield>
    <subfield code="w">2023-07-04</subfield>
    <subfield code="y">BKINF</subfield>
  </datafield>
  <datafield tag="952" ind1=" " ind2=" ">
    <subfield code="0">0</subfield>
    <subfield code="1">0</subfield>
    <subfield code="2">ddc</subfield>
    <subfield code="4">0</subfield>
    <subfield code="7">0</subfield>
    <subfield code="8">INF</subfield>
    <subfield code="a">MECASTIL</subfield>
    <subfield code="b">MECASTIL</subfield>
    <subfield code="c">SInf</subfield>
    <subfield code="d">2023-08-09</subfield>
    <subfield code="l">0</subfield>
    <subfield code="o">523 P763v</subfield>
    <subfield code="p">EC00147</subfield>
    <subfield code="r">2023-08-09 22:50:59</subfield>
    <subfield code="t">Ej.1</subfield>
    <subfield code="w">2023-08-09</subfield>
    <subfield code="y">BKINF</subfield>
  </datafield>
  <datafield tag="952" ind1=" " ind2=" ">
    <subfield code="0">0</subfield>
    <subfield code="1">0</subfield>
    <subfield code="2">ddc</subfield>
    <subfield code="4">0</subfield>
    <subfield code="7">0</subfield>
    <subfield code="8">GEN</subfield>
    <subfield code="a">MEPLLERAS</subfield>
    <subfield code="b">MEPLLERAS</subfield>
    <subfield code="c">SInf</subfield>
    <subfield code="d">2023-12-27</subfield>
    <subfield code="l">0</subfield>
    <subfield code="o">523 P73v</subfield>
    <subfield code="p">PLL01016</subfield>
    <subfield code="r">2023-12-27 16:48:33</subfield>
    <subfield code="t">Ej.1</subfield>
    <subfield code="w">2023-12-27</subfield>
    <subfield code="y">BKINF</subfield>
  </datafield>
  <datafield tag="952" ind1=" " ind2=" ">
    <subfield code="0">0</subfield>
    <subfield code="1">0</subfield>
    <subfield code="2">ddc</subfield>
    <subfield code="4">0</subfield>
    <subfield code="7">0</subfield>
    <subfield code="8">INF</subfield>
    <subfield code="a">MEMACARE</subfield>
    <subfield code="b">MEMACARE</subfield>
    <subfield code="c">SInf</subfield>
    <subfield code="d">2024-08-14</subfield>
    <subfield code="l">0</subfield>
    <subfield code="o">523P73v</subfield>
    <subfield code="p">LM001703</subfield>
    <subfield code="r">2024-08-14 08:51:13</subfield>
    <subfield code="t">Ej.1</subfield>
    <subfield code="w">2024-08-14</subfield>
    <subfield code="y">BKINF</subfield>
  </datafield>
  <datafield tag="952" ind1=" " ind2=" ">
    <subfield code="0">0</subfield>
    <subfield code="1">0</subfield>
    <subfield code="4">0</subfield>
    <subfield code="7">0</subfield>
    <subfield code="8">InfPoTi</subfield>
    <subfield code="a">MEVIGERR</subfield>
    <subfield code="b">MEVIGERR</subfield>
    <subfield code="c">SInf</subfield>
    <subfield code="d">2014-07-15</subfield>
    <subfield code="o">523 P73v</subfield>
    <subfield code="p">ECA22963</subfield>
    <subfield code="r">2024-11-26 09:29:37</subfield>
    <subfield code="t">Ej.1</subfield>
    <subfield code="w">2024-11-26</subfield>
    <subfield code="y">BK</subfield>
    <subfield code="z">17054 | 21949</subfield>
  </datafield>
  <datafield tag="952" ind1=" " ind2=" ">
    <subfield code="0">0</subfield>
    <subfield code="1">0</subfield>
    <subfield code="2">ddc</subfield>
    <subfield code="4">0</subfield>
    <subfield code="7">0</subfield>
    <subfield code="8">INF</subfield>
    <subfield code="a">MESJUANI</subfield>
    <subfield code="b">MESJUANI</subfield>
    <subfield code="c">SInf</subfield>
    <subfield code="d">2025-01-15</subfield>
    <subfield code="l">0</subfield>
    <subfield code="o">523 P73v</subfield>
    <subfield code="p">SJU01171</subfield>
    <subfield code="r">2025-01-15 15:41:06</subfield>
    <subfield code="t">Ej.1</subfield>
    <subfield code="w">2025-01-15</subfield>
    <subfield code="y">BK</subfield>
  </datafield>
  <datafield tag="952" ind1=" " ind2=" ">
    <subfield code="0">0</subfield>
    <subfield code="1">0</subfield>
    <subfield code="2">ddc</subfield>
    <subfield code="4">0</subfield>
    <subfield code="7">0</subfield>
    <subfield code="8">INF</subfield>
    <subfield code="a">MEMESETA</subfield>
    <subfield code="b">MEMESETA</subfield>
    <subfield code="c">SInf</subfield>
    <subfield code="d">2025-09-01</subfield>
    <subfield code="l">0</subfield>
    <subfield code="o">523 P73v</subfield>
    <subfield code="p">ME01156</subfield>
    <subfield code="r">2025-02-14 11:23:00</subfield>
    <subfield code="t">Ej.1</subfield>
    <subfield code="w">2025-02-14</subfield>
    <subfield code="y">BKINF</subfield>
  </datafield>
  <datafield tag="952" ind1=" " ind2=" ">
    <subfield code="0">0</subfield>
    <subfield code="1">0</subfield>
    <subfield code="2">ddc</subfield>
    <subfield code="4">0</subfield>
    <subfield code="7">0</subfield>
    <subfield code="8">INF</subfield>
    <subfield code="a">MEPLOPEZ</subfield>
    <subfield code="b">MEPLOPEZ</subfield>
    <subfield code="c">SInf</subfield>
    <subfield code="d">2025-06-20</subfield>
    <subfield code="l">0</subfield>
    <subfield code="o">523 P73v</subfield>
    <subfield code="p">PLZ01629</subfield>
    <subfield code="r">2025-06-20 09:25:33</subfield>
    <subfield code="t">Ej.1</subfield>
    <subfield code="w">2025-06-20</subfield>
    <subfield code="y">BKINF</subfield>
  </datafield>
</record>
